| 000 | 00801nam a22002057a 4500 | ||
|---|---|---|---|
| 003 | LK-CoDNM | ||
| 005 | 20241009154135.0 | ||
| 008 | 241009b |||||||| |||| 00| 0 eng d | ||
| 040 |
_aLK-CoDNM _dLK-CoDNM _eLK-CoDNM |
||
| 041 | _asin | ||
| 080 |
_a105 _bKK6 |
||
| 100 | _aකරන්නාගොඩ අදිකාරමි,කේ.සී.බී | ||
| 245 | _aරාජ්ය භාෂාව පිළිබඳ කුමාර සන්දේශය | ||
| 260 |
_aහොඳහිත මුද්රණාලය _bමහනුවර |
||
| 300 | _a9p ; 23cm | ||
| 650 | _a105 KK6 | ||
| 650 | _aකරන්නාගොඩ අදිකාරමි,කේ.සී.බී | ||
| 650 | _aරාජ්ය භාෂාව පිළිබඳ කුමාර සන්දේශය | ||
| 942 | _cBK | ||
| 999 |
_c218781 _d218781 |
||